Catálogo público

The whole art of rubber-growing (Record no. 53851)

MARC details
000 -CABECERA
campo de control de longitud fija 00764cam a22002777a 4500
003 - IDENTIFICADOR DEL NÚMERO DE CONTROL
campo de control CHAP
005 - FECHA Y HORA DE LA ÚLTIMA TRANSACCIÓN
campo de control 20220329140544.0
008 - DATOS DE LONGITUD FIJA--INFORMACIÓN GENERAL
campo de control de longitud fija 971013s1911 r 00010 d
010 ## - NÚMERO DE CONTROL DE LA BIBLIOTECA DEL CONGRESO
Número de control de LC 53851
011 ## - ENLACE DEL NUMERO DE CONTROL DE LA BIBLIOTECA DEL CONGRESO [OBSOLETO]
Número de control de LC 54823
035 ## - NÚMERO DE CONTROL DEL SISTEMA
Número de control de sistema 58975
040 ## - FUENTE DE LA CATALOGACIÓN
Centro/agencia transcriptor CHAP
082 ## - NÚMERO DE LA CLASIFICACIÓN DECIMAL DEWEY
Número de clasificación 634.9865
Número de documento/Ítem W52
100 00 - ENTRADA PRINCIPAL--NOMBRE DE PERSONA
Nombre de persona Wicherley, William.
9 (RLIN) 121808
245 14 - MENCIÓN DE TÍTULO
Título The whole art of rubber-growing
260 ## - PUBLICACIÓN, DISTRIBUCIÓN, ETC.
Lugar de publicación, distribución, etc. Philadelphia :
Nombre del editor, distribuidor, etc. Lippincott,
Fecha de publicación, distribución, etc. 1911
300 ## - DESCRIPCIÓN FÍSICA
Extensión 154 p.
Otras características físicas : ilus.
500 ## - NOTA GENERAL
Nota general (2 ejs. desc. en bodega)
590 ## - NOTA LOCAL (RLIN)
Nota local BATCH-UPD
Procedencia (VM) [OBSOLETO] 10
Condición del los carretes individuales (VM) [OBSOLETO] 20130110
-- UCH01
-- 0656
590 ## - NOTA LOCAL (RLIN)
Nota local CONVERSION
Procedencia (VM) [OBSOLETO] 10
Condición del los carretes individuales (VM) [OBSOLETO] 20130109
-- UCH01
-- 1329
650 14 - PUNTO DE ACCESO ADICIONAL DE MATERIA--TÉRMINO DE MATERIA
Término de materia o nombre geográfico como elemento de entrada Caucho.
9 (RLIN) 20537
650 14 - PUNTO DE ACCESO ADICIONAL DE MATERIA--TÉRMINO DE MATERIA
Término de materia o nombre geográfico como elemento de entrada Hevea.
9 (RLIN) 55088
901 ## - ELEMENTOS DE DATOS A LOCAL LDA (RLIN)
a BK
942 ## - ELEMENTOS DE PUNTO DE ACCESO ADICIONAL (KOHA)
Tipo de ítem Koha Libro
949 ## - PROCESAMIENTO DE INFORMACIÓN LOCAL (OCLC)
a 634.9865 W52
b BC
c BPP
d -127739
e BPP
h 23928
i 58975
s i
Holdings
Estado de retiro Estado de pérdida Fuente del sistema de clasificación o colocación Estado dañado Restricciones de uso No para préstamo Código de colección Localización permanente Ubicación/localización actual Fecha de adquisición Información codificada de la localización en otra ubicación Total de préstamos Signatura topográfica completa Código de barras Fecha visto por última vez Precio válido a partir de Tipo de ítem Koha
    Dewey Decimal Classification   Préstamo interno   Fondo Reservado Biblioteca Central Biblioteca Central 31/12/2019 LIBRO   634.9865 W52 -127739 31/12/2019 31/12/2019 Libro